La carga de la prueba por omisin̤ de informacin̤ al paciente

Bibliographic Details
Main Author: Blanco Přez-Rubio, Lourdes
Format: eBook
Language:Spanish
Published: Madrid: Marcial Pons, 2013
Subjects:
Online Access:Acceso restringido

MARC

LEADER 00000nam a22000007a 4500
005 20180702005420.0
007 cr|||| ||||
008 180702s2013 es |||||s|||| 00||0 spa d
020 |a 978-84-91235-01-9 
035 |a 21751 
040 |a vLex 
090 |c 8001  |d 8001 
100 1 |a Blanco Přez-Rubio, Lourdes 
245 1 2 |a La carga de la prueba por omisin̤ de informacin̤ al paciente  |h [Recurso electrn̤ico] /  |c Lourdes Blanco Přez-Rubio 
256 |a Servicio en ln̕ea 
260 |a Madrid:  |b Marcial Pons,  |c 2013 
300 |a 1 recurso electrn̤ico 
506 1 |a Disponible solo en los productos indicados  |d vLex Global  |d vLex Global (Academic Edition, excluding Law Schools)  |d vLex Global (U.S. Academic Edition, Law Schools)  |d vLex Global (U.S. Academic Edition, excluding Law Schools)  |d vLex Global (Academic Edition, Law Schools) 
650 0 4 |a Derecho Civil  |z Espaą 
740 0 |a vLex Libros (Servicio en ln̕ea) 
856 4 0 |u http://vlex.com/source/carga-prueba-omision-informacion-paciente-21751  |z Acceso restringido 
942 |c BOOK 
999 0 |a Civil Law